00720nam a2200181 a 450000100100000000500170001000800410002704000250006810000330009324500630012626000630018930000200025249000320027271000730030483000390037795201050041699900170052100004329620201002040810.0140304s2012 dr 000 0 spa d aDO-SdBNPbspacBNPHU1 aRodríguez, Tanmy M.97093410aHistoria diplomática Dominicana /cTanmy M. Rodríguez. aSanto Domingo, :bUNICARIBE,c2012fSomos Artes Gráficas a61 p. ;c24 cm.1 aCuadernos Diplomáticosv612aUniversidad del CaribebEscuela de Relaciones Internacionales970929 0aCuadernos Diplomáticosn6970935 0010718PDaPDbPDcCTd2014-03-04iLF1l0o p43296-10r2020-06-25w2020-06-25yLFPDZNo se presta c42785d42785